Du lịch 3 miền Tập 2 Miền Trung
שמור ב:
| מחבר ראשי: | |
|---|---|
| פורמט: | ספר |
| יצא לאור: |
Hà Nội
Thanh niên
2016
|
| מהדורה: | Tái bản lần thứ 6 |
| נושאים: | |
| תגים: |
הוספת תג
אין תגיות, היה/י הראשונ/ה לתייג את הרשומה!
|
| Thư viện lưu trữ: | Trung tâm Học liệu Lê Vũ Hùng, Trường Đại học Đồng Tháp |
|---|
| LEADER | 00756pam a22002418a 4500 | ||
|---|---|---|---|
| 001 | 00044997 | ||
| 005 | 20191017141010.0 | ||
| 008 | 170518s2008 ||||||Viesd | ||
| 020 | # | # | |c 94000 |a 9786046434788 |
| 041 | 0 | # | |a Vie |
| 082 | 1 | 4 | |a 915.97 |b D500L |
| 100 | 1 | # | |a Bửu, Ngôn |
| 245 | 1 | 0 | |a Du lịch 3 miền |c Bửu Ngôn |n Tập 2 |p Miền Trung |
| 250 | # | # | |a Tái bản lần thứ 6 |
| 260 | # | # | |a Hà Nội |b Thanh niên |c 2016 |
| 300 | # | # | |a 442 tr. |c 19 cm. |
| 653 | # | # | |a Du lịch |
| 653 | # | # | |a Miền Trung |
| 653 | # | # | |a Việt Nam |
| 653 | # | # | |a Địa điểm |
| 852 | # | # | |j KD.0026381 |j KM.0033302 |j KM.0033303 |
| 910 | # | # | |d 17/10/2019 |
| 980 | # | # | |a Trung tâm Học liệu Lê Vũ Hùng, Trường Đại học Đồng Tháp |


